000 00664nam a22001937a 4500
003 0
005 20250114152122.0
008 160118b xxu||||| |||| 00| 0 eng d
050 _aPHS QP 425
_b.L477 2015
100 _aLee, Yulim
245 _aAmount of sleep and academic performance
_cLee Yulim
260 _aLas PiƱas, Philippines :
_bSouthville International School and Colleges,
_c2015.
300 _a32 p. :
_bill. ;
_c28 cm.
504 _aIncludes bibliographical references.
650 _aSleep
_vPhysiological aspects.
650 _aSleep deprivation
_vImpact on learning.
650 _aAcademic achievement
_vPhysiological aspects.
942 _2lcc
_cPASS
999 _c290435
_d290435